| 000 | 00807nam a22002657a 4500 | ||
|---|---|---|---|
| 001 | BR7503558 | ||
| 003 | BR-BrBNA | ||
| 005 | 20230928084817.0 | ||
| 007 | ta | ||
| 008 | 230509b bl.||||| |||| 00| 0 por d | ||
| 040 |
_aBR-BrBNA _bpor _cBiblioteca Nacional de Agricultura |
||
| 041 | _a(Por) | ||
| 072 |
_aD50; D10 _b2110 _b/G514 |
||
| 090 | _ 2110 BR7503558 | ||
| 110 | 1 |
_aComissao Executiva do Plano da Lavoura Cacaueira, Brasilia, DF (Brasil). Secretaria Geral _92103 |
|
| 245 | 1 | _aLegislacao basica [Comissao Executiva do Plano da Lavoura Cacaueira, Brasil] | |
| 260 | 3 |
_aBrasilia, DF (Brasil): _c[nd]. |
|
| 300 | _a49 p. | ||
| 500 | _aPublished 1974? | ||
| 650 | _aLEGISLACAO | ||
| 650 | _aINSTITUICAO AGRICOLA | ||
| 650 | _aDECRETO | ||
| 909 |
_a202309 _bLucia _c55 _dLucia Elande |
||
| 942 | _cBK | ||
| 999 |
_c21226 _d21226 |
||